000 00522nam a2200181Ia 4500
003 GCL
008 140319s9999 xx 000 0 ara d
040 _aGCL /
_cGCL
082 0 4 _a413.028
_bع م
100 1 _aعدنان الخطيب
245 1 0 _aالمعجم العربى بين الماضى والحاضر /
_cعدنان الخطيب
260 _a[S.N] :
_bمكتبة لبنان ،
_c1994
300 _a92 ص
490 _a
650 0 4 _aاللغة العربية
650 0 4 _aالمعاجم
942 _2ddc
_cBK
999 _c43109
_d43109